| 000 | 00447nam a2200181Ia 4500 | ||
|---|---|---|---|
| 001 | 22442 | ||
| 005 | 20260414150831.0 | ||
| 008 | 260414t2003||||xx |||||||||||||| ||spa|| | ||
| 041 | _aESP | ||
| 082 |
_a621.3813 _bS744 |
||
| 100 |
_aShirvani, Alireza _eAUT |
||
| 245 | 0 |
_aDesign and control of RF power amplifiers _b |
|
| 260 | _c2003 | ||
| 300 |
_axvi, 149 páginas : _c23 cm. |
||
| 650 | _aTCA | ||
| 654 | _aCET | ||
| 942 |
_cLIB _dJUS _fJUS _2ddc _n |
||
| 999 |
_c22442 _d22442 |
||